| 000 | 00969nam a22002537a 4500 | ||
|---|---|---|---|
| 003 | OSt | ||
| 005 | 20131019020004.0 | ||
| 008 | 130618b2009 xxu||||| |||| 00| 0 eng d | ||
| 016 | _a9780199547760 | ||
| 016 | _a9780199547777 | ||
| 040 |
_aIAVH _bspa _cIAVH |
||
| 082 |
_a333.7201 _222 _bM712s |
||
| 245 | 0 | 0 |
_aSpatial conservation prioritization : _bquantitative methods and computational tools / _ceditado por Atte Moilane, Kerrie A Wilson y Hugh P. Possingham |
| 260 |
_aOxford; _aNew York : _bOxford University Press, _cc2009 |
||
| 300 |
_axxi, 304 p. : _bil., mapas ; _c25 cm. |
||
| 504 | _aIncluye referencias bibliográficas e índice | ||
| 650 | 0 |
_aConservación de los recursos naturales _xModelos matemáticos _9102 |
|
| 650 | 0 |
_aEcología _xModelos matemáticos _9103 |
|
| 700 | 1 |
_aMoilanen, Atte _4ed _9104 |
|
| 700 | 1 |
_aWilson, Kerrie A. _4ed _9105 |
|
| 700 | 1 |
_aPossingham, Hugh P. _qHugh Philip _9106 |
|
| 830 | 0 |
_aOxford Biology _9107 |
|
| 942 |
_2ddc _cIMPRESO _02 |
||
| 999 |
_c7314 _d7314 |
||